Serpientes venenosas de Costa Rica: sus venenos seroterapia anti-ofídica (Registro nro. 377)
[ vista simple ]
| 000 -Cabecera | |
|---|---|
| Campo de control de longitud fija | 00656aam a2200241 4500 |
| 005 - Fecha y hora de la última transacción | |
| Campo de control | 20240813143652.0 |
| 008 - Elementos de longitud fija--Información general | |
| Campo de control de longitud fija | 150727b1976 cr oa||f |||| 00| 0 spa d |
| 041 ## - Idioma | |
| Código de idioma | Español |
| 082 ## - Clasificación Decimal Dewey | |
| Número de clasificación | 597.96 P585s |
| 100 ## - Entrada principal--Autor personal | |
| Nombre personal | Picado, Clodomiro |
| 9 (RLIN) | 17332 |
| 245 ## - Título propiamente dicho | |
| Título | Serpientes venenosas de Costa Rica: sus venenos seroterapia anti-ofídica |
| 260 ## - Pie de imprenta | |
| Lugar de publicación, distribución, etc. | Costa Rica |
| 260 ## - Pie de imprenta | |
| Nombre del editor, distribuidor, etc. | EUCR |
| 260 ## - Pie de imprenta | |
| Fecha de publicación, distribución, etc. | 1976 |
| 300 ## - Descripción física | |
| Extensión | 241 páginas |
| 505 ## - Nota de contenido | |
| Nota de contenido | Incluye ilustraciones y fotografías a blanco y negro |
| 650 ## - Materia general | |
| Temática (materia general) | COSTA RICA |
| 650 ## - Materia general | |
| Temática (materia general) | SERPIENTES |
| 650 ## - Materia general | |
| Temática (materia general) | SERPIENTES VENENOSAS |
| 650 ## - Materia general | |
| Temática (materia general) | SEROTERAPIA ANTIOFÍDICA |
| 942 ## - Punto de acceso adicional KOHA | |
| Tipo de ítem KOHA | Libro |
| Fuente del sistema de clasificación o colocación | Dewey Decimal Classification |
| Signatura completa | Código de barras | Programa Académico | Tipo de ítem |
|---|---|---|---|
| 597.96 P585s | 1021 | Turismo | Libro |